00690nam a2200229 a 4500001001300000003000900013005001700022008004100039020002200080082001600102100002000118245004100138260004700179300000800226500003500234650002400269700002000293902000800313942000700321952011500328999001700443nice12345678IN_TiNIC20260116014458.0070306s2004 newa grp 000 0 eng  a8176495662 c9900a303.61bHAC aHackett, Donald aFacilitation Skills for Team Leaders aNew Delhi bViva Books, 3rd Edition c2004 a91p aincludes index and biblioraphy aFacilitation-Manual1 aHackett, Donald bSRS cBK 001040708StackRoom-aHMIbHMId2008-12-02g99.00l0o303.61 HACp021871r2008-12-02v99.00w2007-03-06yBK c15539d15539